00696cam a22002293a 45000010005000000030006000050050017000110080041000280400015000690420007000840500007000911000033000982450063001312600029001945060073002235160020002966530044003167000017003607000020003778300028003978560041004255201PGUSA20140828083114.0040301s2004||||xxu|||||s|||||000 | eng d aPGUSAbeng adc 4aPQ1 aZorrilla, José,d1817-189310aDon Juan Tenorioh[electronic resource] /cJosé Zorrilla bProject Gutenberg,c2004 aCopyrighted. Read the copyright notice inside this book for details. aElectronic text aDon Juan (Legendary character) -- Drama1 aKline, A. S.1 aMayberry, N. K. 0aProject Gutenbergv520140uhttp://www.gutenberg.org/ebooks/5201